Antibacterial Properties of Borosilicate Enamel with Nanosized Zinc Oxide Particles; Glass and Ceramics; Vol. 80, iss. 3-4
| Parent link: | Glass and Ceramics.— .— New York: Springer Science+Business Media LLC. Vol. 80, iss. 3-4.— 2023.— P. 109-115 |
|---|---|
| Автор: | |
| Інші автори: | , |
| Резюме: | Title screen The modification of glass-enamel coatings by nanosized particles expands the range of their application and is a promising direction. The introduction of 0.5 wt.% nanosized zinc oxide imparts to a coating antibacterial properties against gram-positive and gram-negative bacteria. The antibacterial activity index of an enamel surface increases 5-fold on average in relation to Escherichia coli (E. Coli) and six-fold in relation to Staphylococcus aureus (St. Aureus) compared with a control sample lacking zinc oxide Текстовый файл AM_Agreement |
| Мова: | Англійська |
| Опубліковано: |
2023
|
| Предмети: | |
| Онлайн доступ: | https://doi.org/10.1007/s10717-023-00567-9 Статья на русском языке |
| Формат: | MixedMaterials Електронний ресурс Частина з книги |
| KOHA link: | https://koha.lib.tpu.ru/cgi-bin/koha/opac-detail.pl?biblionumber=680338 |
MARC
| LEADER | 00000naa0a2200000 4500 | ||
|---|---|---|---|
| 001 | 680338 | ||
| 005 | 20250527092605.0 | ||
| 090 | |a 680338 | ||
| 100 | |a 20250527d2023 k||y0rusy50 ba | ||
| 101 | 0 | |a eng | |
| 102 | |a US | ||
| 135 | |a drcn ---uucaa | ||
| 181 | 0 | |a i |b e | |
| 182 | 0 | |a b | |
| 183 | 0 | |a cr |2 RDAcarrier | |
| 200 | 1 | |a Antibacterial Properties of Borosilicate Enamel with Nanosized Zinc Oxide Particles |d Антибактериальные свойства боросиликатной эмали с наноразмерными частицами оксида цинка |f V. Yu. Borovoi, M. V. Chubik & O. V. Kaz’mina |z rus | |
| 283 | |a online_resource |2 RDAcarrier | ||
| 300 | |a Title screen | ||
| 320 | |a References: 17 tit | ||
| 330 | |a The modification of glass-enamel coatings by nanosized particles expands the range of their application and is a promising direction. The introduction of 0.5 wt.% nanosized zinc oxide imparts to a coating antibacterial properties against gram-positive and gram-negative bacteria. The antibacterial activity index of an enamel surface increases 5-fold on average in relation to Escherichia coli (E. Coli) and six-fold in relation to Staphylococcus aureus (St. Aureus) compared with a control sample lacking zinc oxide | ||
| 336 | |a Текстовый файл | ||
| 371 | 0 | |a AM_Agreement | |
| 461 | 1 | |t Glass and Ceramics |c New York |n Springer Science+Business Media LLC. | |
| 463 | 1 | |t Vol. 80, iss. 3-4 |v P. 109-115 |d 2023 | |
| 610 | 1 | |a электронный ресурс | |
| 610 | 1 | |a труды учёных ТПУ | |
| 610 | 1 | |a borosilicate enamel | |
| 610 | 1 | |a antibacterial properties | |
| 610 | 1 | |a zinc oxide | |
| 700 | 1 | |a Borovoy |b V. Yu. |g Vitaly Yurjevich | |
| 701 | 1 | |a Chubik |b M. V. |c chemist |c Associate Professor of Tomsk Polytechnic University, candidate of medical sciences |f 1974- |g Marianna Valerianovna |9 18804 | |
| 701 | 1 | |a Kazmina |b O. V. |c Chemical Engineer |c Professor of Tomsk Polytechnic University, Doctor of technical sciences |f 1967- |g Olga Viktorovna |9 16846 | |
| 801 | 0 | |a RU |b 63413507 |c 20250527 |g RCR | |
| 850 | |a 63413507 | ||
| 856 | 4 | |u https://doi.org/10.1007/s10717-023-00567-9 |z https://doi.org/10.1007/s10717-023-00567-9 | |
| 856 | 4 | |u https://www.elibrary.ru/item.asp?id=50407285 |z Статья на русском языке | |
| 942 | |c CF | ||